000 00534nam a2200157 a 4500
008 120416s0000 ||||||||||||||||| || u
020 _a0582355974
050 _aGB 60 Kna
100 _aKnapp, Brian J., 1946-
245 1 0 _aChallenge of the natural environment
260 _aHarlow
_bLongman
_c1989
300 _a272p. : ill
350 _a0.00
700 _aMcCrae, Duncan L. R
995 _D0.00
_FCBU-MAIN LIBRARY (Kitwe)
_H1
_I12.99
_UAVAILABLE
_ZMain Library Open Access Collection
999 _c37009
_d37009